| 000 | 00543nam a22001937a 4500 | ||
|---|---|---|---|
| 003 | OSt | ||
| 005 | 20180116183042.0 | ||
| 008 | 160223b xxu||||| |||| 00| 0 eng d | ||
| 020 | _a24-001-90-1 | ||
| 040 | _cLahore University of Management Sciences. | ||
| 050 | _a174.4 | ||
| 082 | _a174.4 LUMS 1990 | ||
| 100 | _aAZHAR W, AMJAD N. | ||
| 245 |
_aMOHAMMED ALI. _bCase Studies. _cWasim Azhar. |
||
| 260 |
_aLahore. _bLahore University of Management Sciences. _c1990. |
||
| 300 | _a12p. | ||
| 500 | _aPaper Cover | ||
| 942 |
_2ddc _cCS _k174.4 |
||
| 999 |
_c351268 _d351268 |
||